Statistics for Click the Disney Film by Song #3

Click here to take the quiz!

General Stats

  • This quiz has been taken 2,390 times
  • The average score is 15 of 25

Answer Stats

HintAnswer% Correct
Cruella De Vil6. One Hundred and One Dalmatians
90%
Dalmation Plantation6. One Hundred and One Dalmatians
90%
When I See an Elephant Fly1. Dumbo
89%
Pink Elephants on Parade1. Dumbo
82%
Bibbidi-Bobbidi-Boo2. Cinderella
82%
Colors of the Wind4. Pocahontas
82%
A Dream Is A Wish Your Heart Makes2. Cinderella
69%
Just Around the Riverbend4. Pocahontas
67%
Son of Man5. Tarzan
67%
I'm Late3. Alice In Wonderland
64%
The Unbirthday Song3. Alice In Wonderland
64%
The Phony King of England7. Robin Hood
63%
God Help the Outcasts8. The Hunchback of Notre Dame
63%
Not in Nottingham7. Robin Hood
60%
So This Is Love2. Cinderella
59%
Savages4. Pocahontas
55%
You'll Be in My Heart5. Tarzan
55%
Heaven's Light8. The Hunchback of Notre Dame
51%
Baby Mine1. Dumbo
48%
The Walrus and the Carpenter3. Alice In Wonderland
46%
Oo-De-Lally7. Robin Hood
38%
Out There8. The Hunchback of Notre Dame
37%
Two Worlds5. Tarzan
35%
Listen With Your Heart4. Pocahontas
31%
A Guy Like You8. The Hunchback of Notre Dame
31%

Score Distribution

Percentile by Number Answered

Percent of People with Each Score

Your Score History

You have not taken this quiz